LEADER 01353nam a2200301 i 4500 001 000000123062 003 CaOOAMICUS 005 20061129000000.0 008 061129s1966 it u000 u ita u 013 $a95757 040 $aSeMil$bita 100 1 $aLiotard, Jean-Etienne.$0(OLS)http://semarc/name/51120 245 10$aJean-Etienne Liotard /$c[Giovanni Previtali]. 246 04$iTitolo in copertina:$aLiotard 260 $aMilano :$bFabbri,$ccopyr. 1966. 300 $a[8] p., 16. p. di tav. :$briccamente ill. ;$c36 cm. 490 0 $aI maestri del colore : la pił grande collana d'arte del mondo ;$v240 500 $aFormulazione di responsabilitą ricavata dal testo. - Fondo Card. C.M. Martini. 650 4$aLiotard, Jean-Etienne.$0(OLS)http://semarc/subject/23424 700 1 $aPrevitali, Giovanni <1934-1988>.$0(OLS)http://semarc/name/89584 830 2$aI maestri del colore : la pił grande collana d'arte del mondo ;$v240.$0(OLS)http://semarc/title/2091 850 $aSeMil 852 $aSeMil$W1$xVenegono$y1$m5H XII 8/240$j77862$B77862$CSeMilBibl$Z2$F80042 $81 941 1 $a4 961 $aOmaggio: Martini Card. Carlo Maria 996 $6245$aJean-Etienne Liotard$9(OLS)http://semarc/title/181078 996 $6246$aLiotard$9(OLS)http://semarc/title/181079 996 $6260$aMilano :$bFabbri$9(OLS)http://semarc/publisher/30054 LEADER 01409nam a2200229 i 4500 001 000000027106 003 CaOOAMICUS 005 20220411144513.0 008 180830s17441750ne u000 u lat u 040 $aSeMil$bita 100 1 $aWolff, Christian,$d<1679-1754>.$0(OLS)http://semarc/name/6218 245 10$aPhilosophia practica universalis, methodo scientifica pertractata. Pars prior [-posterior] ... Autore Christiano Wolfio. 250 $aEditio nova priori emendatior. 260 $aHalae Magdeburgicae :$bProstat in Officina libraria Rengeriana,$c1744-1750. 300 $a2 v. ;$c4°. 500 $aFront. stampati in rosso e nero. - Iniziali e fregi xilogr. 700 1 $aRenger, Johann Gottfried,$c.$0(OLS)http://semarc/name/4705 774 0 $tPars prior, theoriam complectens, qua omnis actionum humanarum differentia, omnisque juris ac obligationum omnium, principia, a priori demonstrantur ..$g1$w()214496 774 0 $tPars posterior, praxin complectens, qua omnis praxeos moralis principia inconcussa ex ipsa animę humanę natura a priori demonstrantur ..$g2$w()214497 996 $6245$aPhilosophia practica universalis, methodo scientifica pertractata. Pars prior [-posterior] ... Autore Christiano Wolfio$9(OLS)http://semarc/title/36641 996 $6260$aHalae Magdeburgicae :$bProstat in Officina libraria Rengeriana$9(OLS)http://semarc/publisher/37093